00602nam a2200157 a 450000100100000000500170001000800410002702000180006804000250008608200160011124501050012726000800023230000200031250000730033250400390040500001550120200929164045.0100211s2009 dr 000 0 spa d a9789945163179 aDO-SdBNPbspacBNPHU axxxxbR426d00aRepública Dominicana :bun modelo de control interno /cpresentación Simón Lizardo Mézquita. aSanto Domingo :bContraloría General de la República Dominicana,c2009. a66 p. ;c21 cm. aIncluye referencias bibliográficas y notas al pie de las páginas aIncluye bibliografías (p. 59-62)